Papa Goriot
Guardat en:
| Autor principal: | |
|---|---|
| Format: | Llibre |
| Idioma: | espanyol |
| Publicat: |
Bogotá
Oveja Negra
1985
|
| Col·lecció: | Best Sellers, 86
|
| Matèries: | |
| Etiquetes: |
Afegir etiqueta
Sense etiquetes, Sigues el primer a etiquetar aquest registre!
|
MARC
| LEADER | 00000nam a2200000 a 4500 | ||
|---|---|---|---|
| 001 | UCX2495 | ||
| 003 | CL-VaPUC | ||
| 008 | 910604e19850000CK |||||||||||||||||spa|d | ||
| 082 | 0 | 4 | |a 843 |b BAL |2 21 |
| 100 | |a Balzac, Honoré de |e author |9 265437 | ||
| 245 | 1 | 0 | |a Papa Goriot |
| 300 | |a 204 p | ||
| 942 | |c BK | ||
| 945 | |d 19910604 00:00:00 | ||
| 260 | |a Bogotá |b Oveja Negra |c 1985 | ||
| 650 | 0 | |a Novela francesa |9 264985 | |
| 583 | |a last modification |c 20190726 08:44:45 |k Rodrigo Vera | ||
| 490 | 0 | |a Best Sellers, 86 | |
| 999 | |c 223505 |d 223503 | ||
| 952 | |0 0 |1 0 |4 0 |6 843_000000000000000_BAL_1985 |7 0 |8 P |9 219398 |a BIBEDU |b BIBEDU |c BIBEDU_PB |d 2019-11-15 |i 2881233 |o 843 BAL 1985 |p 2881233 |r 2024-01-25 |w 2019-11-15 |y BK |k LIT | ||